000 01241nam a2200313 i 4500
001 000014382
003 DO-SdBNP
005 20251203095219.0
007 ta
008 091211s2002 dr r 000 0 spa d
020 _a9993430404
040 _aDO-SdBNP
_bspa
_cBNPHU
_erda
041 _aspa
082 4 _a972.9375
_bV443mi
_222
100 1 _aVeloz Molina, Francisco,
_d1887-1975
_eautor
_4aut.
_932484
245 1 3 _aLa misericordia y sus contornos :
_b1984-1916 (narración de la vida y costumbre de la vieja ciudad de Santo Domingo de Guzmán /
_cFrancisco Veloz Molina.
264 4 _aSanto Domingo :
_bBanco Central de la República Dominicana,
_c©2002.
300 _a256 páginas ;
_c23 cm.
336 _atexto
_btxt
_2rdacontent
337 _asin mediación
_bn
_2rdamedia
338 _avolumen
_bnc
_2rdacarrier
490 0 _aBanco Central de la República Dominicana ;
_v50
490 0 _aCiencias sociales ;
_v9
500 _aIncluye datos biográficos del autor en la solapa de la cubierta
651 0 _a Santo Domingo (República Dominicana)
_xVida social y costumbres
_985361
651 0 _a La Misericordia (Santo Domingo, República Dominicana)
_987102
910 _aValidado. Control de calidad MFF
942 _2ddc
_cLBS1
999 _c13973
_d13973